000 00268nam a2200121Ia 4500
005 20250603145441.0
008 250603s9999 xx 000 0 und d
050 _aKP 42 .N5/
100 _aNigerian Weekly Law Report
245 0 _aNWLR
260 _c1994
942 _cBK
999 _c41897
_d41897